|
|
|
|
| LEADER |
00000nab a2200000ua 4500 |
| 001 |
vtls010790679 |
| 003 |
SK-MaSNL |
| 005 |
20260304030246.0 |
| 008 |
250310s2008 xo |||||||||||||||||slo| |
| 035 |
|
|
|a (urnnbn)urn:nbn:sk:snk:ar-a05rz4
|
| 035 |
|
|
|a (uuid)23b8b714-9252-47b2-80c4-150e1b769e14
|
| 035 |
|
|
|a urn:nbn:sk:snk-ab4ux6
|
| 040 |
|
|
|a SNKBUCL
|b slo
|c SNKBUCL
|e AACR2
|
| 041 |
0 |
|
|a slo
|
| 044 |
|
|
|a xo
|c SK
|
| 100 |
1 |
|
|a Goncalvesová, Eva,
|d 1962-
|4 aut
|9 11894
|
| 245 |
1 |
0 |
|a Portopulmonálna artériová hypertenzia - opis prípadu a literárny prehľad
|c Eva Goncalvesová, Ivana Štefanková, Milan Luknár
|
| 700 |
1 |
|
|a Štefanková, Ivana
|4 aut
|9 743461
|
| 700 |
1 |
|
|a Luknár, Milan,
|d 1971-
|4 aut
|9 7886
|
| 773 |
0 |
|
|t Kardiológia
|g Roč. 17, č. 1 (2008), s. 33-38
|
| 958 |
|
|
|a OND
|
| 958 |
|
|
|a article3
|
| 999 |
|
|
|c 2632964
|d 2634894
|